London market leads fall in house prices (Record no. 66293)

MARC details
000 -LEADER
fixed length control field 00883cam a2200205 4500
001 - CONTROL NUMBER
control field WB3710-21
008 - FIXED-LENGTH DATA ELEMENTS--GENERAL INFORMATION
fixed length control field 000000n2001 000 0 eng u
035 ## - SYSTEM CONTROL NUMBER
System control number (Sirsi) u111264
245 ## - TITLE STATEMENT
Title London market leads fall in house prices
260 ## - PUBLICATION, DISTRIBUTION, ETC.
Date of publication, distribution, etc. 2001
490 ## - SERIES STATEMENT
Series statement Financial Times
Volume/sequential designation 2 March 2001, 2(1)
520 ## - SUMMARY, ETC.
Summary, etc. Nationwide has reported a drop of 0.8% in the average price of a home in the UK in February 2001. This represents the sharpest monthly decline in over five years. The building society attributes this fall to a slackening in the London market, and declines in Wales. In contrast 2001 has seen a considerable growth in personal borrowing.
590 ## - LOCAL NOTE (RLIN)
Local note WB
650 ## - SUBJECT ADDED ENTRY--TOPICAL TERM
Topical term or geographic name entry element NATIONWIDE BUILDING SOCIETY
650 ## - SUBJECT ADDED ENTRY--TOPICAL TERM
Topical term or geographic name entry element LONDON
650 ## - SUBJECT ADDED ENTRY--TOPICAL TERM
Topical term or geographic name entry element HOUSING MARKET
650 ## - SUBJECT ADDED ENTRY--TOPICAL TERM
Topical term or geographic name entry element BORROWING
690 ## - LOCAL SUBJECT ADDED ENTRY--TOPICAL TERM (OCLC, RLIN)
Topical term or geographic name as entry element PROPERTY-RESIDENTIAL PROPERTY-RESIDENTIAL PROPERTY MARKET
942 ## - ADDED ENTRY ELEMENTS (KOHA)
Suppress in OPAC 0
Holdings
Withdrawn status Lost status Source of classification or shelving scheme Damaged status Not for loan Home library Current library Shelving location Date acquired Total Checkouts Full call number Barcode Date last seen Copy number Price effective from Koha item type
    Dewey Decimal Classification     London London News article 06/03/2001   WB3710-21 111264-1001 06/08/2019 1 06/08/2019 News article